00475 a2200181 450000100060000002000220000604000240002810000220005224000150007424500100008930000070009936200090010644000190011565000310013494200070016595201040017299900170027648073 a978-85-418-0787-6 cAnchieta - Aquarius aBergame, Cécile10aFuroslpor10aFuros a290 a2015 1aEdições SM 4aLiteratura infanto-juvenil cBK 00104070a87.1b87.1d2023-11-21l0o028.5 BER FURp7180/AQUr2023-11-21 15:14:59w2023-11-21yBK c48073d48073